000
00417nam a2200145Ia 4500
008
100122s9999 xx 000 0 und d
082
_b
18460
_a
823.08
100
_a
बुवा वि आ
245
_a
पसंत आहे
260
_b
भारतीय प्रकाशन मंदिर
_c
1905
300
_a
116
630
_a
पसंत आहे
730
_a
पसंत आहे
942
_c
BOOK
999
_c
407889
_d
407886